| 000 | 00497nam a2200181Ia 4500 | ||
|---|---|---|---|
| 003 | LK-CoDNM | ||
| 008 | 010623t1925 xxu||||| |||| 00| 1 sin d | ||
| 040 |
_aLK-CoDNM _dLK-CoDNM _eLK-CoDNM |
||
| 041 | _asin | ||
| 080 | _a104 C 8 | ||
| 100 | _aKavidaja Thero,Malvenne. | ||
| 245 | _aරතන චෛත්ය රාජ්ය වර්ණනා | ||
| 246 | _aRatana Chaitya Raaja Varnana | ||
| 260 |
_bGunasena _aColombo _c1925 |
||
| 300 | _b30p, 21 cm | ||
| 650 | _aVarnana | ||
| 942 | _cBK | ||
| 999 |
_c93009 _d93009 |
||